The rudiments of architecture: being a treatise on practical geometry, Grecian and Roman mouldings, the origin of building, and the five orders of architecture (Record no. 56779)

MARC details
000 -LEADER
fixed length control field 00931nam a2200205 a 4500
008 - FIXED-LENGTH DATA ELEMENTS--GENERAL INFORMATION
fixed length control field 120416s1972 ||||||||||||||||| || u
020 ## - INTERNATIONAL STANDARD BOOK NUMBER
International Standard Book Number 0306710315
050 ## - LIBRARY OF CONGRESS CALL NUMBER
Classification number NA 2520 Ben
100 ## - MAIN ENTRY--PERSONAL NAME
Personal name Benjamin, Asher
245 14 - TITLE STATEMENT
Title The rudiments of architecture: being a treatise on practical geometry, Grecian and Roman mouldings, the origin of building, and the five orders of architecture
246 ## - VARYING FORM OF TITLE
Title proper/short title being a treatise on practical Geometry Grecian and Roman Mouldings, the origin of building, and the
260 ## - PUBLICATION, DISTRIBUTION, ETC.
Place of publication, distribution, etc. New York:
Name of publisher, distributor, etc. Da Capo Press
Date of publication, distribution, etc. 1972
300 ## - PHYSICAL DESCRIPTION
Extent 8, 96p. : ill.
350 ## - PRICE (NR) (BK AM CF MU VM SE) [OBSOLETE]
Price 0.00
650 ## - SUBJECT ADDED ENTRY--TOPICAL TERM
Topical term or geographic name entry element ARCHITECTURE--HANDBOOKS, MANUALS, ETC
650 ## - SUBJECT ADDED ENTRY--TOPICAL TERM
Topical term or geographic name entry element ARCHITECTURE--ORDERS
650 ## - SUBJECT ADDED ENTRY--TOPICAL TERM
Topical term or geographic name entry element ARCHITECTURE--DETAILS
650 ## - SUBJECT ADDED ENTRY--TOPICAL TERM
Topical term or geographic name entry element ARCHITECTURE--UNITED STATES--HISTORY
995 ## - RECOMMENDATION 995 [LOCAL, UNIMARC FRANCE]
-- 0.00
-- CBU-MAIN LIBRARY (Kitwe)
-- 1
-- 38.25
-- 1
-- AVAILABLE
-- Main Library Open Access Collection
Holdings
Withdrawn status Lost status Source of classification or shelving scheme Damaged status Not for loan Home library Current library Shelving location Date acquired Total Checkouts Full call number Barcode Date last seen Price effective from Koha item type
          CBU-MAIN LIBRARY, KITWE. CBU-MAIN LIBRARY, KITWE.   11/30/2022   NA 2520 Ben 010178 11/30/2022 11/30/2022 MONOGRAPH